Cine de investigación : paradigmas de la revelación y del ocultamiento en el cine argentino /

Gorde:
Xehetasun bibliografikoak
Egile nagusia: Nitsch, Wolfram (edición)
Beste egile batzuk: Wehr, Christian (edición) (edición)
Formatua: Liburua
Hizkuntza:gaztelania
Argitaratua: Munich, Alemania : Akademische Verlagsgemeinschaft, 2017, c2017
Saila:(Romanische Studien/Beihefte ; 2)
Gaiak:
Etiketak: Etiketa erantsi
Etiketarik gabe, Izan zaitez lehena erregistro honi etiketa jartzen!

MARC

LEADER 00000nam^a2200000^a^4500
001 000410584
005 20250521000000.0
009 20260310122050.864
020 |a 978-3-95477-080-9 
037 |a Acervo ITESO - Biblioteca 
041 |a ESP 
082 |a 302. 2350982  |b NIT 
100 |a Nitsch, Wolfram  |e (edición) 
245 1 0 |a Cine de investigación :  |b paradigmas de la revelación y del ocultamiento en el cine argentino /  |c Ed. de W. Nitsch, C. Wehr. 
264 4 |a Munich, Alemania :  |b Akademische Verlagsgemeinschaft,  |c 2017, c2017 
300 |a 389 p. 
336 |a texto  |b txt  |2 rdacontenido 
337 |a sin mediación  |b n  |2 rdamedio 
338 |a volumen  |b nc  |2 rdasoporte 
440 1 |a (Romanische Studien/Beihefte ;  |v 2) 
586 |a Premio Miguel de Cervantes 1990: Biografías, crítica e interpretación 
649 |a XX 
650 |a Cineastas Argentinos 
650 |a Mujeres en el Cine -  |z Argentina -  |x Historia y Crítica 
650 |a Investigación en el Cine -  |z Argentina -  |x Historia y Crítica -  |x Tema Principal 
650 |a Documentales -  |z Argentina -  |x Historia y Crítica 
650 |a Cine Social y Político -  |z Argentina -  |x Historia y Crítica 
650 |a Películas Policíacas -  |z Argentina -  |x Historia y Crítica 
650 |a Géneros Cinematográficos -  |z Argentina -  |x Historia y Crítica 
650 |a Cine Experimental -  |z Argentina -  |x Historia y Crítica 
650 |a Cine de Mujeres -  |z Argentina -  |x Historia y Crítica 
650 |a Literatura y Cine -  |z Argentina -  |x Historia y Crítica 
650 |a Cine Argentino -  |x Historia y Crítica 
650 |a Cine Argentino -  |y Siglo XX 
650 |a Cine Argentino -  |y Siglo XXI 
650 |a Memoria Social -  |z Argentina -  |x Historia -  |y 1976-1983 
650 |a Comunicación y Política -  |z Argentina -  |x Historia -  |y 1946-1955 
650 |a Comunicación y Política -  |z Argentina -  |x Historia -  |y 1976-1983 
650 |a Agresti, Alejandro 
650 |a Alonso, Lisandro 
650 |a Avila, Benjamín 
650 |a Bielinsky, Fabián 
650 |a Bioy Casares, Adolfo 
650 |a Caetano, Israel Adrián 
650 |a Campanella, Juan José 
650 |a Cassavetes, John 
650 |a Cohn, Mariano 
650 |a Duprat, Gastón 
650 |a Filippelli, Rafael 
650 |a Gamerro, Carlos 
650 |a Llinás, Mariano 
650 |a Markovitch, Paula 
650 |a Mosquera, Gustavo 
650 |a Napy, Don 
650 |a Olivera, Héctor 
650 |a Prividera, Nicolás 
650 |a Puenzo, Luis 
650 |a Reale, Victoria 
650 |a Solanas, Fernando 
650 |a Sorín, Carlos 
650 |a Spiner, Fernando 
650 |a Szifrón, Damián 
650 |a Tella, Andrés Di 
650 |a Torre Nilsson, Leopoldo 
600 |a Favio, Leonardo 
700 |a Wehr, Christian  |e (edición) 
910 |a Fondo General 
920 |a Impresos - Libros 
930 |a Colección General 
905 |a 101 
901 |a 0500319218  |b IT1  |c ACC  |i D106394  |u 20250521 
902 |a https://opac.biblio.iteso.mx/vufind/Record/000410584